La jarretera (Record no. 161785)

MARC details
000 -LEADER
campo de control de longitud fija 00932nam a22002295i 4500
001 - NÚMERO DE CONTROL
campo de control 161785
003 - IDENTIFICADOR DE NÚMERO DE CONTROL
campo de control ES-MaACL
005 - FECHA Y HORA DE LA ÚLTIMA TRANSACCIÓN
campo de control 20260301183524.0
008 - DATOS DE LONGITUD FIJA--INFORMACIÓN GENERAL
campo de control de longitud fija 980108s1881 sp |||| | spa d
040 ## - FUENTE DE CATALOGACIÓN
Centro catalogador/agencia de origen NA
Lengua de catalogación spa
Centro/agencia transcriptor NA
100 1# - ENTRADA PRINCIPAL--NOMBRE DE PERSONA
Nombre de persona Pérez de Guzmán y Gallo, Juan,
Fechas asociadas al nombre 1841-1928
9 (RLIN) 90777
245 13 - MENCIÓN DEL TÍTULO
Título La jarretera
Resto del título : solemne investidura de S.M. Don Alfonso XII de Borbon y Borbon ... verificada en el Real Palacio de Madrid, el dia 11 de octubre de 1881.
250 ## - MENCION DE EDICION
Mención de edición 2ª ed.
Resto de la mención de edición con notas y adiciones por Juan Perez de Guzman.
260 ## - PUBLICACIÓN, DISTRIBUCIÓN, ETC.
Lugar de publicación, distribución, etc. Madrid :
Nombre del editor, distribuidor, etc. [s.n.],
Fecha de publicación, distribución, etc. 1881 (
Fabricante Imprenta de Manuel G. Hernandez)
300 ## - DESCRIPCIÓN FÍSICA
Extensión 123, [4] p. ;
Dimensiones 20 cm.
600 04 - PUNTO DE ACCESO ADICIONAL DE MATERIA--NOMBRE DE PERSONA
Nombre de persona Alfonso
Numeración XII,
Títulos y otros términos asociados al nombre Rey de España
9 (RLIN) 19874
650 #4 - PUNTO DE ACCESO ADICIONAL DE MATERIA--TÉRMINO DE MATERIA
Término de materia o nombre geográfico como elemento de entrada Orden de la Jarretera-
Subdivisión general Historia.
9 (RLIN) 136624
700 11 - ENTRADA AGREGADA--NOMBRE PERSONAL
Nombre de persona Hernández, Manuel G.,
Término indicativo de función/relación
9 (RLIN) 127920
752 ## - ENTRADA AGREGADA--NOMBRE JERÁRQUICO DEL LUGAR
País o entidad superior España -
Ciudad Madrid
852 ## - LOCALIZACIÓN
Ubicación ES-MaACL
Número de control de estantería G-10249
Nota libre -- Enc. hol.
Holdings
Estatus retirado Estado de pérdida Estado de daño No para préstamo Colección Biblioteca de origen Biblioteca actual Ubicación en estantería Fecha de adquisición Fuente de adquisición Total de préstamos Signatura topográfica completa Código de barras Visto por última vez Precio de reemplazo Tipo de ítem Koha
        Libros del s. XIX Biblioteca del Ateneo de Madrid Biblioteca del Ateneo de Madrid Sala Pecera Planta 3 17/01/2008     G-10249 1169471 23/02/2023 23/02/2023 Libro impreso antiguo